000 00302nam a2200121Ia 4500
008 240731s9999 xx 000 0 und d
022 _a1543-3706
245 0 _aJournal of Community Practice
260 _bRoutledge
856 _uhttps://www.tandfonline.com/loi/wcom20
942 _2ddc
942 _cTFEJ
999 _c77560
_d77560
945 _a1
_bMadushi Gamage
_c1
_dMadushi Gamage